01460nam a2200205 a 450000100100000000500170001000800410002704000250006808200150009310000330010824500600014126000420020130000280024350000320027150507730030365000390107604900090111595201130112499900170123700001692920200929165002.0100312s1986 dr a 000 0 spa d aDO-SdBNPbspacBNPHU a570bG633i1 aGómez, J. Desiderio93676310aIntroducción a la biología /cJ. Desiderio Gómez. aSanto Domingo :bAlfa & Omega,c1986. a294 p. :bil. ;c28 cm. aIncluye índice alfabetico2 aOrigen y organización de la vida -- La naturaleza -- Bases químicas de la vida -- Biología celular -- Energía biológica -- Metabolismo -- Fotosíntesis -- Respiración -- Nutrición heterotrofa -- Continuidad de los organismos vivos -- Reproducción -- Desarrollo embrionario -- Los tejidos -- Biología de los organismos superiores -- La estructura orgánica -- Sistema respiratorio -- Sistema nervioso -- Sistema reproductor -- Sistema digestivo -- Sistema esquelético -- Sistema protector -- Sistema muscular -- Sistema excretor -- Sistema circulatorio -- Biología de los vegetales -- La herencia -- Evolución -- Los organismos vivos y su ambiente -- Ecología general -- Ecología dominicana -- Recursos naturales de República Dominicana. 4aBiologíaxLibros de texto937432 aBNPD 0010718PDaPDbPDcCTd2010-03-12iLF1l0o570 G633ip16929-10r2020-06-25w2020-06-25yLFPDZNo se presta c16461d16461